000 00306nam a22001337a 4500
008 170206b xxu||||| |||| 00| 0 eng d
020 _a9781599413204
041 _aeng
080 _24ED
_a61
100 _a3
101 _aSHM
245 _aTRANSNATIONAL BUSSINES PROBLEMS
_cDETLEV.FVAGTS
942 _2udc
_cBK
999 _c4713
_d4713